| 000 | 00553nam a22001932 4500 | ||
|---|---|---|---|
| 001 | 0000001861 | ||
| 005 | 20151217155813.0 | ||
| 008 | 070328s xx 000 0 eng d | ||
| 040 |
_aKABU _cKABU |
||
| 050 | 0 |
_aBV3625 _b.U4K58 |
|
| 100 | 1 |
_aLuck, Anne. _@0000150920 |
|
| 245 | 1 | 0 |
_aAfrican saint : _bthe story of Apolo Kivebulaya. |
| 260 |
_aLondon : _bSCM Press, _c1963. |
||
| 300 | _a188 p. | ||
| 600 | 1 | 0 |
_aKivebulaya, Apolo, _d1864-1933. _@0000150921 |
| 908 | _a070328 | ||
| 950 | _@1 | ||
| 999 |
_c12641 _d12641 |
||